| 000 | 00369nam a22001577a 4500 | ||
|---|---|---|---|
| 003 | SGT | ||
| 020 | _a9788131248720 | ||
| 082 |
_a615.321 _bP17S |
||
| 100 | _aShanbhag, Veena Nayak Tara | ||
| 245 | _aPharmacology for Dentistry | ||
| 250 | _a3RD | ||
| 260 |
_aNEW DELHI _bElsevier; INDIA _c2017 |
||
| 300 | _a1-420 | ||
| 650 | _aPharmacology | ||
| 942 |
_2ddc _cBK _072 |
||
| 999 |
_c20933 _d20933 |
||